Procesos de despojo y de mantener la posesión y la tenencia en el Código Civil y Comercial de la Nación (Registro nro. 33600)

Detalles MARC
000 -LEADER
fixed length control field 00391 a2200109 4500
001 - CONTROL NUMBER
control field ART_45345
005 - DATE AND TIME OF LATEST TRANSACTION
control field 20260410162026.0
008 - FIXED-LENGTH DATA ELEMENTS--GENERAL INFORMATION
fixed length control field 260409a
100 1# - MAIN ENTRY--PERSONAL NAME
Personal name Tessone, Alberto J.
245 10 - TITLE STATEMENT
Title Procesos de despojo y de mantener la posesión y la tenencia en el Código Civil y Comercial de la Nación
773 0# - HOST ITEM ENTRY
Title Temas de derecho procesal
Related parts - Nº 2 (feb. 2018)
Record control number REV44095

No hay ítems disponibles.